MARC details
| 000 -LEADER |
| fixed length control field |
01451cam a22003855a 4500 |
| 001 - CONTROL NUMBER |
| control field |
17951458 |
| 005 - DATE AND TIME OF LATEST TRANSACTION |
| control field |
20160817132923.0 |
| 008 - FIXED-LENGTH DATA ELEMENTS--GENERAL INFORMATION |
| fixed length control field |
131122t2013 enka frb 001 0 eng d |
| 020 ## - INTERNATIONAL STANDARD BOOK NUMBER |
| International Standard Book Number |
1780761031 (pbk.) |
| 020 ## - INTERNATIONAL STANDARD BOOK NUMBER |
| International Standard Book Number |
9781780761039 (pbk.) |
| 040 ## - CATALOGING SOURCE |
| Original cataloging agency |
UKMGB |
| Language of cataloging |
eng |
| Transcribing agency |
UKMGB |
| Modifying agency |
EG-ScBUE |
| Description conventions |
EG-ScBUE |
| 043 ## - GEOGRAPHIC AREA CODE |
| Geographic area code |
a-le--- |
| -- |
a-is--- |
| -- |
awba--- |
| 082 04 - DEWEY DECIMAL CLASSIFICATION NUMBER |
| Classification number |
303.6095692 |
| Edition number |
22 |
| Item number |
NAR |
| 245 00 - TITLE STATEMENT |
| Title |
Narrating conflict in the Middle East : |
| Remainder of title |
discourse, image and communications practices in Lebanon and Palestine / |
| Statement of responsibility, etc |
edited by Dina Matar and Zahera Harb. |
| 260 ## - PUBLICATION, DISTRIBUTION, ETC. (IMPRINT) |
| Place of publication, distribution, etc |
London ; |
| -- |
New York : |
| Name of publisher, distributor, etc |
I. B. Tauris, |
| Date of publication, distribution, etc |
c.2013. |
| 300 ## - PHYSICAL DESCRIPTION |
| Extent |
x, 276 p. : |
| Other physical details |
ill. ; |
| Dimensions |
22 cm. |
| 500 ## - GENERAL NOTE |
| General note |
Index : p. 271-276. |
| 504 ## - BIBLIOGRAPHY, ETC. NOTE |
| Bibliography, etc |
Includes bibliographical references. |
| 650 #0 - SUBJECT ADDED ENTRY--TOPICAL TERM |
| Topical term or geographic name as entry element |
Mass media and war |
| Geographic subdivision |
Palestine. |
| Source of heading or term |
BUEsh |
| 650 #0 - SUBJECT ADDED ENTRY--TOPICAL TERM |
| Topical term or geographic name as entry element |
Mass media and war |
| Geographic subdivision |
Lebanon. |
| Source of heading or term |
BUEsh |
| 650 #0 - SUBJECT ADDED ENTRY--TOPICAL TERM |
| Topical term or geographic name as entry element |
Social conflict |
| Geographic subdivision |
Palestine. |
| Source of heading or term |
BUEsh |
| 650 #0 - SUBJECT ADDED ENTRY--TOPICAL TERM |
| Topical term or geographic name as entry element |
Social conflict |
| Geographic subdivision |
Lebanon. |
| Source of heading or term |
BUEsh |
| 650 #0 - SUBJECT ADDED ENTRY--TOPICAL TERM |
| Topical term or geographic name as entry element |
War and literature |
| Geographic subdivision |
Lebanon. |
| Source of heading or term |
BUEsh |
| 650 #0 - SUBJECT ADDED ENTRY--TOPICAL TERM |
| Topical term or geographic name as entry element |
War and literature |
| Geographic subdivision |
Palestine. |
| Source of heading or term |
BUEsh |
| 650 #0 - SUBJECT ADDED ENTRY--TOPICAL TERM |
| Topical term or geographic name as entry element |
Art and war. |
| Source of heading or term |
BUEsh |
| 650 #0 - SUBJECT ADDED ENTRY--TOPICAL TERM |
| Topical term or geographic name as entry element |
Social conflict in mass media. |
| Source of heading or term |
BUEsh |
| 650 #0 - SUBJECT ADDED ENTRY--TOPICAL TERM |
| Topical term or geographic name as entry element |
Social conflict in art. |
| Source of heading or term |
BUEsh |
| 650 #0 - SUBJECT ADDED ENTRY--TOPICAL TERM |
| Topical term or geographic name as entry element |
Social conflict in literature. |
| Source of heading or term |
BUEsh |
| 9 (RLIN) |
30530 |
| 651 ## - SUBJECT ADDED ENTRY--GEOGRAPHIC NAME |
| Source of heading or term |
BUEsh |
| 653 ## - INDEX TERM--UNCONTROLLED |
| Resource For college |
Communication and mass media |
| Arrived date list |
June2015 |
| -- |
November2015 |
| 653 ## - INDEX TERM--UNCONTROLLED |
| Resource For college |
BAEPS, Political Science |
| Arrived date list |
May2016 |
| 700 1# - ADDED ENTRY--PERSONAL NAME |
| Personal name |
Matar, Dina, |
| Relator term |
editor. |
| 700 1# - ADDED ENTRY--PERSONAL NAME |
| Personal name |
Harb, Zahera, |
| Relator term |
editor. |
| 942 ## - ADDED ENTRY ELEMENTS (KOHA) |
| Source of classification or shelving scheme |
Dewey Decimal Classification |
| Call number prefix |
303.6095692 NAR |